000 00603nam a22002177a 4500
003 UA-OsUOA
001 118022
007 ta
008 20160704b un ||||| |||| 00| 0 ukr d
100 _aПархаєва Н.В.
090 _a330(477)
_bП18
942 _cSA
040 _aUA-OsUOA
_bukr
_cUA-OsUOA
_dUA-OsUOA
245 _aМаркетингово-логістичний комплекс товаропровідної сисетеми
300 _aС.122-134
955 _a0
041 _aukr
080 _a330(477)
773 0 _w118013
650 7 _a330 Економіка взагалі
_2UDC
999 _c404065
_d404065